[Event "AUT-chT2W 1011"]
[Site "Austria"]
[Date "2011.03.13"]
[Round "11.4"]
[White "Riedl, Johannes"]
[Black "Novkovic, Julia"]
[Result "1-0"]
[WhiteElo "2138"]
[BlackElo "2157"]
[PlyCount "79"]
[EventDate "2010.10.15"]
[EventType "team-tourn"]
[EventRounds "11"]
[EventCountry "AUT"]
[SourceTitle "EXT 2012"]
[Source "ChessBase"]
[SourceDate "2011.11.24"]
[SourceVersion "1"]
[SourceVersionDate "2011.11.24"]
[SourceQuality "1"]
[WhiteTeam "Schwaz"]
[BlackTeam "Dornbirn"]
[WhiteTeamCountry "AUT"]
[BlackTeamCountry "AUT"]

1. d4 Nf6 2. Nc3 d5 3. Bg5 c6 4. e3 Bf5 5. Bxf6 exf6 6. Bd3 Bc8 7. Qf3 Be7 8. Nge2 Na6 9. a3 Nc7 10. 0-0 Ne6 11. e4 dxe4 12. Qxe4 g6 13. b4 f5 14. Qe3 0-0 15. Rad1 f4 16. Qf3 Bd6 17. Ne4 Bc7 18. Bc4 Ng5 19. Nxg5 Qxg5 20. h3 Bf5 21. Bd3 Be6 22. c4 Rad8 23. b5 h5 24. Be4 Bxc4 25. bxc6 Rfe8 26. d5 f5 27. d6 fxe4 28. Qc3 Bxe2 29. dxc7 bxc6 30. Rxd8 Rxd8 31. cxd8Q+ Qxd8 32. Rb1 f3 33. Qxc6 e3 34. Qxg6+ Kf8 35. Qh6+ Kg8 36. Qe6+ Kf8 37. Qxe3 Qc7 38. Qh6+ Kg8 39. Qxh5 a6 40. Qd5+ 1-0

[Event "AUT-chT2W 1011"]
[Site "Austria"]
[Date "2010.11.26"]
[Round "4"]
[White "Koepke, Elena"]
[Black "Riedl, Johannes"]
[Result "1-0"]
[WhiteElo "2345"]
[BlackElo "2138"]
[PlyCount "77"]
[EventDate "2010.10.15"]
[EventType "team-tourn"]
[EventRounds "11"]
[EventCountry "AUT"]
[SourceTitle "EXT 2012"]
[Source "ChessBase"]
[SourceDate "2011.11.24"]
[SourceVersion "1"]
[SourceVersionDate "2011.11.24"]
[SourceQuality "1"]
[WhiteTeam "Kufstein"]
[BlackTeam "Schwaz"]
[WhiteTeamCountry "AUT"]
[BlackTeamCountry "AUT"]

1. e4 d6 2. d4 Nf6 3. Nc3 e5 4. Nf3 exd4 5. Nxd4 Be7 6. g3 0-0 7. Bg2 c6 8. 0-0 Qc7 9. h3 Re8 10. a4 Na6 11. Re1 Nc5 12. b4 Ne6 13. Bb2 Nxd4 14. Qxd4 Be6 15. b5 Bf8 16. Rad1 c5 17. Qd2 Nd7 18. f4 Nb6 19. Ba1 Rad8 20. Kh2 f6 21. Qf2 a5 22. Qf3 Qf7 23. Rf1 Ba2 24. Rf2 Qc4 25. Bf1 Qf7 26. Bg2 Qc4 27. e5 dxe5 28. fxe5 Rxd1 29. Qxd1 fxe5 30. Bxb7 e4 31. Bxe4 Rxe4 32. Qd8 Nd7 33. Qxd7 Re7 34. Qd2 Qe6 35. Nxa2 Qxa2 36. Qf4 Rf7 37. Qxf7+ Qxf7 38. Rxf7 Kxf7 39. Bc3 1-0

[Event "AUT-chT2W 1011"]
[Site "Austria"]
[Date "2010.10.17"]
[Round "3.5"]
[White "Riedl, Johannes"]
[Black "Natter, Siegfried"]
[Result "1-0"]
[WhiteElo "2138"]
[BlackElo "2245"]
[PlyCount "107"]
[EventDate "2010.10.15"]
[EventType "team-tourn"]
[EventRounds "11"]
[EventCountry "AUT"]
[SourceTitle "EXT 2011"]
[Source "ChessBase"]
[SourceDate "2010.11.26"]
[SourceVersion "1"]
[SourceVersionDate "2010.11.26"]
[SourceQuality "1"]
[WhiteTeam "Schwaz"]
[BlackTeam "Absam"]
[WhiteTeamCountry "AUT"]
[BlackTeamCountry "AUT"]

1. e4 c5 2. Nf3 d6 3. d4 cxd4 4. Nxd4 Nf6 5. Nc3 Nc6 6. Bg5 Bd7 7. Qd2 h6 8. Bxf6 gxf6 9. f4 Nxd4 10. Qxd4 Qa5 11. 0-0-0 Rc8 12. Be2 h5 13. Kb1 Qc5 14. Qd3 a6 15. Rhe1 Bg7 16. Qg3 Kf8 17. Rd5 Qb6 18. Rxh5 Rxh5 19. Bxh5 f5 20. e5 dxe5 21. fxe5 Be6 22. Qe3 Qxe3 23. Rxe3 Rc5 24. Bf3 b5 25. a3 Rxe5 26. Rxe5 Bxe5 27. Bb7 Bxc3 28. bxc3 a5 29. Ba6 Bd5 30. g3 Bc6 31. c4 bxc4 32. Bxc4 e5 33. Kc1 Kg7 34. Kd2 Kg6 35. Ke3 f6 36. Be6 Kg5 37. c4 Kg4 38. Bd5 Bd7 39. c5 Bc8 40. Bg2 f4+ 41. gxf4 exf4+ 42. Kf2 Ba6 43. c6 Bc8 44. Bf3+ Kg5 45. Be4 Be6 46. Kf3 Bg4+ 47. Kg2 Be6 48. Bf3 Kh4 49. c7 Bc8 50. Bc6 Kg4 51. h3+ Kh4 52. Kf3 Kg5 53. Ba8 Kf5 54. h4 1-0

[Event "AUT-chT2W 0809"]
[Site "Austria"]
[Date "2008.10.19"]
[Round "3.4"]
[White "Riedl, Johannes"]
[Black "Jedinger, Andreas"]
[Result "1/2-1/2"]
[WhiteElo "2145"]
[BlackElo "2183"]
[PlyCount "90"]
[EventDate "2008.10.17"]
[EventType "team-tourn"]
[EventRounds "11"]
[EventCountry "AUT"]
[SourceTitle "EXT 2010"]
[Source "ChessBase"]
[SourceDate "2010.11.25"]
[SourceVersion "1"]
[SourceVersionDate "2010.11.25"]
[SourceQuality "1"]
[WhiteTeam "Schwaz"]
[BlackTeam "Rochade Rum"]
[WhiteTeamCountry "AUT"]
[BlackTeamCountry "AUT"]

1. Nf3 d5 2. d4 Nf6 3. c4 c6 4. Nc3 e6 5. e3 Nbd7 6. Bd3 dxc4 7. Bxc4 b5 8. Bd3 Bb7 9. 0-0 a6 10. e4 c5 11. d5 Qc7 12. dxe6 fxe6 13. Ng5 Qc6 14. Qe2 c4 15. Bc2 Bc5 16. Nd5 0-0 17. Nf4 e5 18. Nd5 h6 19. b4 Bd6 20. Ne6 Rfe8 21. Nxg7 Kxg7 22. Qe3 Ng8 23. Qg3+ Kh7 24. f4 Bf8 25. fxe5 Qg6 26. Qxg6+ Kxg6 27. e6 Ne5 28. Bb2 Bg7 29. Nf4+ Kh7 30. Nh5 Rxe6 31. Nxg7 Kxg7 32. Rf5 Rae8 33. Raf1 Kg6 34. h4 R8e7 35. h5+ Kg7 36. g4 Bc6 37. g5 hxg5 38. Rxg5+ Kh7 39. Rff5 Nd3 40. Bc3 Bxe4 41. Rf8 Nf4 42. Rxf4 Bxc2 43. Rf8 Nf6 44. Bxf6 Re1+ 45. Kf2 R7e2+ 1/2-1/2

[Event "AUT-chT2W 0809"]
[Site "Austria"]
[Date "2008.10.18"]
[Round "2.4"]
[White "Tabernig, Bernhard"]
[Black "Riedl, Johannes"]
[Result "1/2-1/2"]
[WhiteElo "2299"]
[BlackElo "2145"]
[PlyCount "134"]
[EventDate "2008.10.17"]
[EventType "team-tourn"]
[EventRounds "11"]
[EventCountry "AUT"]
[SourceTitle "EXT 2010"]
[Source "ChessBase"]
[SourceDate "2010.11.25"]
[SourceVersion "1"]
[SourceVersionDate "2010.11.25"]
[SourceQuality "1"]
[WhiteTeam "Mayrhofen/Zillertal"]
[BlackTeam "Schwaz"]
[WhiteTeamCountry "AUT"]
[BlackTeamCountry "AUT"]

1. d4 Nf6 2. c4 e6 3. Nf3 b6 4. g3 Bb4+ 5. Bd2 Be7 6. Bg2 Ba6 7. Qa4 0-0 8. Nc3 c6 9. Bf4 Bb7 10. 0-0 d5 11. cxd5 exd5 12. Ne5 Nfd7 13. b4 Nxe5 14. Bxe5 b5 15. Qb3 a5 16. Bxb8 Qxb8 17. a3 axb4 18. axb4 Qd6 19. Rab1 Bc8 20. Rfd1 Bf5 21. Rb2 Ra6 22. e4 dxe4 23. Nxe4 Bxe4 24. Bxe4 Ra4 25. Qc2 Rxb4 26. Rxb4 Qxb4 27. Qxc6 Qc4 28. Bxh7+ Kh8 29. Qe4 Bf6 30. Bf5 g6 31. Bg4 Rd8 32. Be2 Qd5 33. Qxd5 Rxd5 34. Rb1 Bxd4 35. Kg2 Kg7 36. Bxb5 Rc5 37. Bd3 Rc3 38. Rd1 Bb6 39. h4 Rb3 40. Rd2 Ba5 41. Ra2 Rxd3 42. Rxa5 Kh6 43. g4 Rb3 44. f3 Kg7 45. Kg3 Rc3 46. h5 gxh5 47. Rxh5 Ra3 48. Rb5 Rc3 49. Rb6 Ra3 50. g5 Ra1 51. Kg4 Ra4+ 52. f4 Rc4 53. Rd6 Ra4 54. Rd5 Rb4 55. Kf5 Rb6 56. Ke4 Ra6 57. f5 Ra1 58. Rd7 Re1+ 59. Kf4 Rf1+ 60. Ke5 Re1+ 61. Kd6 Rb1 62. f6+ Kg6 63. Ke7 Kxg5 64. Rd2 Ra1 65. Kxf7 Ra7+ 66. Ke6 Ra6+ 67. Ke7 Ra7+ 1/2-1/2

[Event "AUT-chT2W 0708"]
[Site "Austria"]
[Date "2008.02.29"]
[Round "9.5"]
[White "Riedl, Johannes"]
[Black "Ager, Josef"]
[Result "1/2-1/2"]
[WhiteElo "2142"]
[BlackElo "2213"]
[PlyCount "144"]
[EventDate "2007.10.06"]
[EventType "team"]
[EventRounds "11"]
[EventCountry "AUT"]
[SourceTitle "EXT 2009"]
[Source "ChessBase"]
[SourceDate "2008.11.26"]
[SourceVersion "1"]
[SourceVersionDate "2008.11.26"]
[SourceQuality "1"]
[WhiteTeam "Schwaz"]
[BlackTeam "Ranshofen"]
[WhiteTeamCountry "AUT"]
[BlackTeamCountry "AUT"]

1. d4 Nf6 2. Nf3 g6 3. g3 Bg7 4. Bg2 0-0 5. c4 d6 6. 0-0 Nc6 7. d5 Na5 8. Qa4 c5 9. Bd2 b6 10. Bxa5 bxa5 11. Nc3 Rb8 12. Nd2 Rxb2 13. Nb3 Nd7 14. Rac1 Nb6 15. Qxa5 a6 16. Rfe1 Nxc4 17. Qxd8 Rxd8 18. Nd1 Na3 19. Nxb2 Bxb2 20. Rcd1 Bc3 21. Rf1 Bd7 22. Nd2 Ba4 23. Nb1 Bxd1 24. Rxd1 Nxb1 25. Rxb1 Bb4 26. e4 e6 27. Bf1 exd5 28. exd5 a5 29. Bc4 Re8 30. Rc1 Re4 31. Rc2 a4 32. f3 Rd4 33. Kf2 Kg7 34. f4 Kf6 35. Kf3 g5 36. fxg5+ Kxg5 37. Ke3 f5 38. Kf3 Kf6 39. Ke2 Ke5 40. Ke3 Bd2+ 41. Kf3 Kf6 42. Ke2 Bh6 43. Ke1 f4 44. gxf4 Bxf4 45. h3 Bg3+ 46. Ke2 h6 47. Kf3 Be5 48. Ke3 Kg5 49. Kf3 Kh4 50. Kg2 Bf4 51. Rc3 Bd2 52. Rc2 h5 53. Kh2 Kg5 54. Kg3 Kf6 55. Kf2 Ke5 56. Kf3 Kf5 57. Ke2 Bf4 58. Kf3 Kf6 59. Kf2 Be5 60. Ke3 Ke7 61. Kf3 Kd8 62. Kf2 Kc7 63. Kf3 Rh4 64. Bf1 Kb6 65. Rc4 Rxc4 66. Bxc4 Ka5 67. Ke4 Kb4 68. Kd3 Bf6 69. Ba6 c4+ 70. Bxc4 Kc5 71. Ba6 Kxd5 72. Bb7+ Kc5 1/2-1/2

[Event "Regionalliga SO 0708"]
[Site "Bayern"]
[Date "2008.01.20"]
[Round "5.5"]
[White "Klinger, Joseph"]
[Black "Riedl, Johannes"]
[Result "0-1"]
[WhiteElo "1770"]
[BlackElo "2135"]
[PlyCount "90"]
[EventDate "2007.10.21"]
[EventType "team-tourn"]
[EventRounds "9"]
[EventCountry "GER"]
[SourceTitle "EXT 2009"]
[Source "ChessBase"]
[SourceDate "2008.11.26"]
[SourceVersion "1"]
[SourceVersionDate "2008.11.26"]
[SourceQuality "1"]
[WhiteTeam "Passau II"]
[BlackTeam "Pang/Rosenheim II"]
[WhiteTeamCountry "GER"]
[BlackTeamCountry "GER"]

1. e4 e6 2. d4 d5 3. e5 c5 4. c3 Nc6 5. Bb5 Qb6 6. Bxc6+ bxc6 7. Ne2 cxd4 8. cxd4 c5 9. 0-0 Ba6 10. dxc5 Bxc5 11. Nbc3 Ne7 12. Na4 Qc6 13. Nxc5 Qxc5 14. Re1 0-0 15. Nd4 Rfc8 16. Be3 Qb4 17. b3 Qa3 18. Qd2 Ng6 19. f4 Nf8 20. Qf2 Bd3 21. Rad1 Be4 22. Nb5 Qa6 23. a4 Rc2 24. Rd2 Rac8 25. h3 Rxd2 26. Bxd2 Rc2 27. Rc1 Qc6 28. Qe3 Rxc1+ 29. Bxc1 Qc2 30. Bd2 Ng6 31. Nd6 h6 32. Nxe4 dxe4 33. Qc3 Qd1+ 34. Kh2 Nh4 35. Be1 Nf5 36. Bf2 Qd3 37. Qxd3 exd3 38. Be1 Nd4 39. b4 Nb3 40. b5 d2 41. Bxd2 Nxd2 42. Kg3 Kf8 43. a5 Nc4 44. b6 Nxb6 45. axb6 axb6 0-1

[Event "AUT-chT2W 0708"]
[Site "Austria"]
[Date "2007.11.16"]
[Round "3.5"]
[White "Mrsic, Robert"]
[Black "Riedl, Johannes"]
[Result "1/2-1/2"]
[WhiteElo "2117"]
[BlackElo "2142"]
[PlyCount "50"]
[EventDate "2007.10.06"]
[EventType "team"]
[EventRounds "11"]
[EventCountry "AUT"]
[SourceTitle "EXT 2009"]
[Source "ChessBase"]
[SourceDate "2008.11.26"]
[SourceVersion "1"]
[SourceVersionDate "2008.11.26"]
[SourceQuality "1"]
[WhiteTeam "Lustenau"]
[BlackTeam "Schwaz"]
[WhiteTeamCountry "AUT"]
[BlackTeamCountry "AUT"]

1. e4 e6 2. d4 d5 3. Nd2 c5 4. exd5 Qxd5 5. Ngf3 cxd4 6. Bc4 Qd6 7. 0-0 Nf6 8. Nb3 Nc6 9. Nbxd4 Nxd4 10. Nxd4 a6 11. c3 Qc7 12. Bd3 Bd6 13. h3 Bd7 14. a4 0-0-0 15. Be3 Nd5 16. Qf3 f5 17. Bg5 Nf6 18. b4 h6 19. Bxf6 gxf6 20. b5 a5 21. b6 Qxb6 22. Rfb1 Qc7 23. Bb5 Rhe8 24. Rb3 Bc5 25. Rab1 Re7 1/2-1/2

[Event "AUT-chT2W 0607"]
[Site "Austria"]
[Date "2007.03.04"]
[Round "11.2"]
[White "Riedl, Johannes"]
[Black "Lickleder, Andreas"]
[Result "1/2-1/2"]
[WhiteElo "2083"]
[BlackElo "2245"]
[PlyCount "77"]
[EventDate "2006.10.21"]
[EventType "team"]
[EventRounds "11"]
[EventCountry "AUT"]
[SourceTitle "EXT 2008"]
[Source "ChessBase"]
[SourceDate "2007.11.25"]
[SourceVersion "1"]
[SourceVersionDate "2007.11.25"]
[SourceQuality "1"]

1. e4 c5 2. Nf3 d6 3. d4 cxd4 4. Nxd4 Nf6 5. Nc3 a6 6. Be2 e5 7. Nb3 Be7 8. Be3 0-0 9. 0-0 Be6 10. Qd2 Nbd7 11. a4 Qc7 12. a5 Rac8 13. f3 Rfd8 14. Rfd1 Nc5 15. Nxc5 dxc5 16. Qe1 Rxd1 17. Qxd1 c4 18. Qf1 Bb4 19. Bb6 Bc5+ 20. Bxc5 Qxc5+ 21. Qf2 Qb4 22. Nd1 Rd8 23. c3 Qb3 24. Qe3 h6 25. Kf1 Nh5 26. g3 Nf6 27. Qc1 Ne8 28. Ra3 Qb5 29. b4 f5 30. Nf2 Nf6 31. Ra2 fxe4 32. fxe4 Rf8 33. Ke1 Qc6 34. Qe3 Bf7 35. Rd2 Bg6 36. Bf3 Ne8 37. Be2 Nf6 38. Bf3 Kh7 39. Rd1 1/2-1/2

[Event "AUT-chT2W 0607"]
[Site "Austria"]
[Date "2007.03.03"]
[Round "10.6"]
[White "Grundherr, Martin"]
[Black "Riedl, Johannes"]
[Result "1/2-1/2"]
[WhiteElo "2326"]
[BlackElo "2083"]
[PlyCount "40"]
[EventDate "2006.10.21"]
[EventType "team"]
[EventRounds "11"]
[EventCountry "AUT"]
[SourceTitle "EXT 2008"]
[Source "ChessBase"]
[SourceDate "2007.11.25"]
[SourceVersion "1"]
[SourceVersionDate "2007.11.25"]
[SourceQuality "1"]

1. Nf3 f5 2. d3 Nf6 3. Bg5 g6 4. Bxf6 exf6 5. e4 d5 6. exd5 Qxd5 7. d4 Be6 8. Nbd2 Qd7 9. Bc4 Bxc4 10. Nxc4 Nc6 11. Qe2+ Be7 12. 0-0-0 0-0-0 13. c3 Bf8 14. d5 Bh6+ 15. Kb1 Nb8 16. Nd4 Rde8 17. Ne6 Na6 18. Qf3 Qb5 19. Rd4 Kb8 20. Re1 Bf8 1/2-1/2

[Event "AUT-chT2W 0607"]
[Site "Austria"]
[Date "2007.01.26"]
[Round "7.2"]
[White "Natter, Markus"]
[Black "Riedl, Johannes"]
[Result "1/2-1/2"]
[WhiteElo "2102"]
[BlackElo "2143"]
[PlyCount "44"]
[EventDate "2006.10.21"]
[EventType "team"]
[EventRounds "11"]
[EventCountry "AUT"]
[SourceTitle "EXT 2008"]
[Source "ChessBase"]
[SourceDate "2007.11.25"]
[SourceVersion "1"]
[SourceVersionDate "2007.11.25"]
[SourceQuality "1"]

1. e4 e6 2. d4 d5 3. e5 c5 4. c3 Nc6 5. Nf3 Nge7 6. Na3 cxd4 7. cxd4 Nf5 8. Nc2 Bd7 9. Bd3 Qb6 10. Bxf5 exf5 11. 0-0 Be7 12. b4 0-0 13. Rb1 Rac8 14. Ne3 Be6 15. a3 Rc7 16. g3 Rfc8 17. Qd3 g6 18. h4 a6 19. Bd2 Qb5 20. Qb3 Qe2 21. Qd1 Qxd1 22. Rfxd1 Na7 1/2-1/2

[Event "AUT-chT2W 0607"]
[Site "Austria"]
[Date "2006.12.02"]
[Round "4"]
[White "Schmidlechner, Alexander"]
[Black "Riedl, Johannes"]
[Result "1-0"]
[WhiteElo "2246"]
[BlackElo "2143"]
[PlyCount "77"]
[EventDate "2006.10.21"]
[EventType "team"]
[EventRounds "11"]
[EventCountry "AUT"]
[SourceTitle "CBM 115 Extra"]
[Source "ChessBase"]
[SourceDate "2007.01.10"]
[SourceVersion "1"]
[SourceVersionDate "2007.01.10"]
[SourceQuality "1"]

1. d4 f5 2. g3 Nf6 3. Bg2 g6 4. Nh3 Bg7 5. c3 d5 6. Nd2 Nbd7 7. Nf4 Nf8 8. h4 Ne6 9. Nd3 0-0 10. Nf3 Qd6 11. Bf4 Nxf4 12. gxf4 b6 13. e3 Ba6 14. Nde5 e6 15. Ng5 Ne4 16. Bxe4 dxe4 17. h5 h6 18. Nh3 g5 19. Ng6 g4 20. Nxf8 Rxf8 21. Ng1 Qc6 22. Ne2 Rd8 23. Qd2 Bf8 24. b3 b5 25. 0-0 Qe8 26. Ng3 Be7 27. Kg2 Bb7 28. Qe2 Bh4 29. Rh1 Bf6 30. Rad1 Qc6 31. c4 bxc4 32. Qxc4 Qxc4 33. bxc4 Ba6 34. Rc1 Rb8 35. d5 Rb2 36. dxe6 Bc8 37. Rb1 Rxb1 38. Rxb1 Bxe6 39. Rb7 1-0

[Event "Regionalliga SO 0607"]
[Site "Bayern"]
[Date "2006.10.15"]
[Round "1.3"]
[White "Schubert, Josef"]
[Black "Riedl, Johannes"]
[Result "0-1"]
[WhiteElo "1948"]
[BlackElo "2136"]
[PlyCount "140"]
[EventDate "2006.10.15"]
[EventType "team-tourn"]
[EventRounds "9"]
[EventCountry "GER"]
[SourceTitle "EXT 2008"]
[Source "ChessBase"]
[SourceDate "2007.11.25"]
[SourceVersion "1"]
[SourceVersionDate "2007.11.25"]
[SourceQuality "1"]
[WhiteTeam "Landshut"]
[BlackTeam "Pang/Rosenheim II"]
[WhiteTeamCountry "GER"]
[BlackTeamCountry "GER"]

1. e4 e6 2. d3 d5 3. Nd2 Nf6 4. Ngf3 a5 5. e5 Nfd7 6. d4 Be7 7. Bd3 f6 8. exf6 Bxf6 9. 0-0 0-0 10. Re1 Nc6 11. c3 Re8 12. Nf1 e5 13. Qb3 Nf8 14. dxe5 Nxe5 15. Nxe5 Bxe5 16. Be3 c6 17. Rad1 a4 18. Qb4 Qf6 19. Ng3 a3 20. Bd2 axb2 21. Qxb2 Re7 22. Re3 Bg4 23. Rde1 Rae8 24. Qb4 Bc8 25. Rf3 Qd6 26. Qxd6 Bxd6 27. Rfe3 Rxe3 28. Rxe3 Rxe3 29. Bxe3 g6 30. Ne2 Ne6 31. f3 Kf7 32. g3 Bd7 33. Kf2 b5 34. Nd4 b4 35. cxb4 Bxb4 36. f4 Nxd4 37. Bxd4 c5 38. Be5 c4 39. Bc2 Bc5+ 40. Kf3 d4 41. Be4 Ke6 42. g4 Ba4 43. Ke2 c3 44. Bg7 c2 45. f5+ gxf5 46. gxf5+ Kf7 47. Bh6 Ba3 48. Kd3 c1Q 49. Bxc1 Bxc1 50. Kxd4 h5 51. Bd5+ Kf6 52. Ke4 Bc2+ 53. Kf3 Kxf5 54. Kg2 Kf4 55. Bc6 Ba3 56. Kh1 Bf5 57. Bd5 h4 58. Kg2 Bd7 59. h3 Ke3 60. Bb7 Bb5 61. Ba8 Bd6 62. Bd5 Ke2 63. Bb7 Ke1 64. Kg1 Bc5+ 65. Kh1 Kf2 66. Bg2 Bd6 67. Bb7 Bf1 68. a4 Bxh3 69. a5 Bf1 70. a6 h3 0-1

[Event "Seefeld op 16th"]
[Site "Seefeld"]
[Date "2005.09.24"]
[Round "8"]
[White "Kuehlmeyer, Klaus"]
[Black "Riedl, Johannes"]
[Result "1-0"]
[WhiteElo "2027"]
[BlackElo "2118"]
[PlyCount "109"]
[EventDate "2005.09.17"]
[EventType "swiss"]
[EventRounds "9"]
[EventCountry "AUT"]
[SourceTitle "EXT 2007"]
[Source "ChessBase"]
[SourceDate "2006.11.23"]
[SourceVersion "1"]
[SourceVersionDate "2006.11.23"]
[SourceQuality "1"]

1. e4 e6 2. d3 d5 3. Nd2 Nf6 4. g3 a5 5. Bg2 Nc6 6. Ngf3 dxe4 7. dxe4 e5 8. 0-0 Bc5 9. c3 0-0 10. h3 b6 11. Qc2 Ba6 12. Re1 Bd3 13. Qa4 b5 14. Qd1 a4 15. Nh4 b4 16. Nf1 bxc3 17. bxc3 Bb5 18. Bg5 Qd3 19. Bxf6 Qxd1 20. Raxd1 gxf6 21. Rd5 Bxf1 22. Rxc5 Bxg2 23. Kxg2 Ra6 24. Rd1 Rc8 25. Nf5 Kf8 26. Ne3 Nd8 27. Nd5 Ne6 28. Rc4 Kg7 29. Rb1 c5 30. Rb7 Rd8 31. f4 f5 32. exf5 Rxd5 33. fxe6 Rxe6 34. Rxa4 e4 35. Raa7 Rd2+ 36. Kf1 e3 37. Rxf7+ Kg8 38. Rfd7 e2+ 39. Ke1 Rxd7 40. Rxd7 Re3 41. Rd5 Rxc3 42. Kxe2 Kf7 43. Rd3 Rc2+ 44. Kf3 Rxa2 45. Rc3 Ra5 46. g4 Ke6 47. f5+ Kd5 48. Re3 Ra1 49. g5 h5 50. gxh6 Ra6 51. Re6 Ra7 52. Kf4 c4 53. Kg5 c3 54. Re2 Rc7 55. Rc2 1-0

[Event "Seefeld op 16th"]
[Site "Seefeld"]
[Date "2005.09.20"]
[Round "4"]
[White "Kesik, Klaus Dieter"]
[Black "Riedl, Johannes"]
[Result "1-0"]
[WhiteElo "2266"]
[BlackElo "2118"]
[PlyCount "49"]
[EventDate "2005.09.17"]
[EventType "swiss"]
[EventRounds "9"]
[EventCountry "AUT"]
[SourceTitle "EXT 2007"]
[Source "ChessBase"]
[SourceDate "2006.11.23"]
[SourceVersion "1"]
[SourceVersionDate "2006.11.23"]
[SourceQuality "1"]

1. d4 e6 2. Nf3 Nf6 3. g3 b6 4. Bg2 Bb7 5. 0-0 Be7 6. c4 0-0 7. Nc3 d6 8. d5 e5 9. e4 Nbd7 10. Nh4 Ne8 11. Nf5 Bf6 12. Qg4 g6 13. Bh6 Ng7 14. Ne3 Bc8 15. f4 exf4 16. gxf4 Bd4 17. Qf3 f5 18. Kh1 Bxc3 19. bxc3 fxe4 20. Qxe4 Nc5 21. Qd4 Qf6 22. Rae1 Bf5 23. Bf3 Rae8 24. Qxf6 Rxf6 25. Bxg7 1-0

[Event "Seefeld op 16th"]
[Site "Seefeld"]
[Date "2005.09.17"]
[Round "1"]
[White "Riedl, Johannes"]
[Black "Waldhart, Helmuth"]
[Result "1-0"]
[WhiteElo "2118"]
[BlackElo "1650"]
[PlyCount "53"]
[EventDate "2005.09.17"]
[EventType "swiss"]
[EventRounds "9"]
[EventCountry "AUT"]
[SourceTitle "EXT 2007"]
[Source "ChessBase"]
[SourceDate "2006.11.23"]
[SourceVersion "1"]
[SourceVersionDate "2006.11.23"]
[SourceQuality "1"]

1. d4 d5 2. c4 e6 3. Nf3 Nf6 4. Nc3 Be7 5. Qc2 c5 6. dxc5 d4 7. Nb5 Bxc5 8. Bf4 Na6 9. a3 0-0 10. Rd1 Qb6 11. Nbxd4 Ng4 12. h3 Nxf2 13. Kxf2 f6 14. e3 e5 15. Bg3 exd4 16. exd4 Rd8 17. Kg1 Rxd4 18. Nxd4 Bxd4+ 19. Kh2 Qxb2 20. Qe4 Be5 21. Qd5+ Kf8 22. Re1 Bxg3+ 23. Kxg3 Qc3+ 24. Bd3 g6 25. Qd8+ Kg7 26. Re7+ Kh6 27. Qf8+ 1-0

[Event "Seefeld op 14th"]
[Site "Seefeld"]
[Date "2003.09.15"]
[Round "3"]
[White "Riedl, Johannes"]
[Black "Veszpremi, Andras"]
[Result "1-0"]
[WhiteElo "2120"]
[BlackElo "1200"]
[PlyCount "103"]
[EventDate "2003.09.13"]
[EventType "swiss"]
[EventRounds "9"]
[EventCountry "AUT"]
[SourceTitle "CBM 097 Extra"]
[Source "ChessBase"]
[SourceDate "2004.01.13"]
[SourceVersion "1"]
[SourceVersionDate "2004.01.13"]
[SourceQuality "1"]

1. Nf3 Nf6 2. d4 e6 3. g3 Be7 4. Bg2 0-0 5. 0-0 d5 6. Nbd2 Nbd7 7. c4 c5 8. cxd5 exd5 9. h3 b6 10. Ne5 Nxe5 11. dxe5 Ne8 12. Nb1 Bb7 13. Nc3 Nc7 14. Qd3 Qd7 15. Rd1 Rfd8 16. Qc2 Qe6 17. f4 Bc6 18. e3 Rac8 19. Ne2 Bf8 20. b3 a5 21. Bb2 Na6 22. f5 Nb4 23. Qb1 Qh6 24. Nf4 Qg5 25. Kh2 d4 26. h4 Qg4 27. e4 Be7 28. Rf1 Bxh4 29. gxh4 Qxh4+ 30. Nh3 Qe7 31. Bc1 Qxe5+ 32. Bf4 Qe7 33. a3 Na6 34. Qd1 b5 35. Qg4 c4 36. e5 g6 37. f6 Qf8 38. Bxc6 Rxc6 39. Qh4 d3 40. Be3 c3 41. Rf5 d2 42. Rh5 gxh5 43. Rg1+ Kh8 44. Qxh5 d1Q 45. Rxd1 Rxd1 46. Ng5 h6 47. Nxf7+ Qxf7 48. Qxf7 Rc7 49. Qf8+ Kh7 50. Qxh6+ Kg8 51. Qg6+ Kf8 52. Bh6+ 1-0

[Event "Wattens op 15th"]
[Site "Wattens"]
[Date "2000.09.01"]
[Round "7"]
[White "Riedl, Johannes"]
[Black "Oreskovic, Andelko"]
[Result "0-1"]
[WhiteElo "2177"]
[BlackElo "1671"]
[PlyCount "84"]
[EventDate "2000.08.26"]
[EventType "swiss"]
[EventRounds "9"]
[EventCountry "AUT"]
[SourceTitle "EXT 2001"]
[Source "ChessBase"]
[SourceDate "2000.11.22"]
[SourceVersion "1"]
[SourceVersionDate "2000.11.22"]
[SourceQuality "1"]

1. Nf3 Nf6 2. g3 g6 3. Bg2 Bg7 4. 0-0 0-0 5. d3 c5 6. c4 d5 7. cxd5 Nxd5 8. Nbd2 Nc6 9. a4 b6 10. Nc4 Bb7 11. Nfd2 Ndb4 12. Nb3 Na5 13. Ncxa5 Bxg2 14. Kxg2 bxa5 15. Be3 Qc7 16. Qd2 Rfd8 17. Rfc1 a6 18. Nxa5 Qxa5 19. Bxc5 Nc6 20. Qxa5 Nxa5 21. Bb6 Nb3 22. Bxd8 Nxc1 23. Bxe7 Nxe2 24. Re1 Nd4 25. Bc5 Nb3 26. Ba3 Bf8 27. Bxf8 Kxf8 28. Kf3 Re8 29. Rxe8+ Kxe8 30. Ke4 Nc5+ 31. Kd4 Nxa4 32. b3 Nb2 33. f3 Kd7 34. Kc3 Nd1+ 35. Kb4 Kc6 36. Ka5 Kb7 37. d4 Ne3 38. h3 Nd5 39. h4 h5 40. g4 Nf6 41. gxh5 gxh5 42. b4 Nd5 0-1

[Event "Seefeld op 09th"]
[Site "Seefeld"]
[Date "1998.??.??"]
[Round "3"]
[White "Gruener, Reinhard"]
[Black "Riedl, Johannes"]
[Result "1/2-1/2"]
[WhiteElo "2135"]
[BlackElo "1850"]
[PlyCount "24"]
[EventDate "1998.09.12"]
[EventType "swiss"]
[EventRounds "9"]
[EventCountry "AUT"]
[SourceTitle "EXT 2000"]
[Source "ChessBase"]
[SourceDate "1999.11.16"]
[SourceVersion "1"]
[SourceVersionDate "1999.11.16"]
[SourceQuality "1"]

1. d4 e6 2. g3 Nf6 3. c4 c5 4. d5 exd5 5. cxd5 d6 6. Nc3 g6 7. Bg2 Bg7 8. Nf3 0-0 9. Nd2 Na6 10. 0-0 Nc7 11. a4 b6 12. Nc4 Ba6 1/2-1/2

[Event "Wattens op 13th"]
[Site "Wattens"]
[Date "1998.??.??"]
[Round "8"]
[White "Kupfner, Franz"]
[Black "Riedl, Johannes"]
[Result "1-0"]
[WhiteElo "2160"]
[BlackElo "1855"]
[PlyCount "53"]
[EventDate "1998.??.??"]
[EventType "swiss"]
[EventRounds "9"]
[EventCountry "AUT"]
[SourceTitle "EXT 2000"]
[Source "ChessBase"]
[SourceDate "1999.11.16"]
[SourceVersion "1"]
[SourceVersionDate "1999.11.16"]
[SourceQuality "1"]

1. d4 e6 2. Nf3 Nf6 3. e3 c5 4. Bd3 b6 5. b3 Bb7 6. Bb2 d6 7. c4 Nbd7 8. 0-0 Be7 9. Nc3 0-0 10. Qe2 a6 11. Rac1 h6 12. e4 cxd4 13. Nxd4 Nc5 14. Bb1 Qc7 15. Kh1 Rac8 16. f4 Ncd7 17. Rce1 e5 18. Nf5 Rfe8 19. Nd5 Bxd5 20. exd5 Bf8 21. fxe5 dxe5 22. Qe3 b5 23. Qg3 Kh8 24. cxb5 axb5 25. Rd1 Nc5 26. d6 Qa7 27. Nxh6 1-0